Municipalities of Vermont - Statistics

General Stats
  • This quiz has been taken 191 times
    190 since last reset
  • The average score is 46 of 246
Answer Stats
Answer % Correct
B Burlington
83%
B Bennington
69%
B Brattleboro
69%
E Essex
67%
M Montpelier
67%
B Barre
60%
M Middlebury
60%
S South Burlington
56%
M Manchester
54%
N Newport
54%
R Rutland
54%
S St. Albans
52%
S St. Johnsbury
52%
S Stowe
52%
C Colchester
48%
W Waterbury
44%
A Addison
42%
D Derby
42%
D Dover
40%
M Milton
40%
G Grand Isle
38%
L Lincoln
38%
S Shelburne
38%
W Washington
38%
C Cambridge
35%
J Jay
35%
K Killington
35%
S Springfield
35%
W Woodstock
35%
A Arlington
33%
B Bristol
33%
C Chittenden
33%
F Franklin
33%
W Windsor
33%
W Winooski
33%
A Albany
31%
D Dorset
31%
J Jamaica
31%
J Jericho
31%
L Lyndon
31%
M Marlboro
31%
O Orange
31%
S South Hero
31%
B Berlin
29%
R Richmond
29%
R Rockingham
29%
V Vergennes
29%
W Williston
29%
B Bolton
27%
C Chester
27%
F Fairfax
27%
H Hartford
27%
J Johnson
27%
N North Hero
27%
N Norwich
27%
W Wilmington
27%
A Alburgh
25%
C Canaan
25%
G Georgia
25%
G Grafton
25%
H Hinesburg
25%
L Ludlow
25%
M Montgomery
25%
N New Haven
25%
N Northfield
25%
P Putney
25%
R Randolph
25%
W Windham
25%
B Burke
23%
C Charlotte
23%
D Dummerston
23%
E Enosburgh
23%
V Vernon
23%
W Waitsfield
23%
W Warren
23%
B Berkshire
21%
B Bethel
21%
B Brandon
21%
E East Montpelier
21%
F Fairlee
21%
F Ferrisburgh
21%
H Highgate
21%
M Morristown
21%
S Swanton
21%
W Weston
21%
B Barton
19%
B Bradford
19%
C Cabot
19%
C Castleton
19%
F Fairfield
19%
I Isle La Motte
19%
N Newfane
19%
P Peru
19%
P Pownal
19%
T Troy
19%
W Westfield
19%
W West Rutland
19%
A Athens
17%
A Averill
17%
B Bakersfield
17%
B Braintree
17%
B Bridgewater
17%
B Brighton
17%
B Brookline
17%
C Coventry
17%
D Danville
17%
F Fair Haven
17%
H Hardwick
17%
L Londonderry
17%
P Poultney
17%
C Calais
15%
C Concord
15%
C Cornwall
15%
D Danby
15%
E Eden
15%
G Glover
15%
G Goshen
15%
G Groton
15%
G Guilford
15%
H Halifax
15%
H Hartland
15%
I Ira
15%
L Lowell
15%
N Norton
15%
R Rochester
15%
R Roxbury
15%
S Sharon
15%
T Townshend
15%
U Underhill
15%
W Westminster
15%
W Worcester
15%
A Andover
13%
B Barnard
13%
B Belvidere
13%
B Benson
13%
C Craftsbury
13%
D Duxbury
13%
G Glastenbury
13%
G Granville
13%
G Greensboro
13%
H Hancock
13%
H Holland
13%
H Huntington
13%
H Hyde Park
13%
M Marshfield
13%
O Orwell
13%
P Plymouth
13%
R Richford
13%
R Royalton
13%
S St. George
13%
W Waterford
13%
W Williamstown
13%
B Barnet
10%
B Bridport
10%
B Brookfield
10%
B Brunswick
10%
C Chelsea
10%
F Fayston
10%
F Fletcher
10%
I Irasburg
10%
L Leicester
10%
M Mendon
10%
M Monkton
10%
M Moretown
10%
M Morgan
10%
N Newark
10%
N Newbury
10%
S Salisbury
10%
S Shaftsbury
10%
S Shrewsbury
10%
S Stamford
10%
S Stratton
10%
S Sudbury
10%
T Tunbridge
10%
W Westford
10%
W Whiting
10%
W Whitingham
10%
W Winhall
10%
B Baltimore
8%
B Bloomfield
8%
B Brownington
8%
C Cavendish
8%
C Charleston
8%
C Clarendon
8%
E Elmore
8%
G Granby
8%
G Guildhall
8%
H Hubbardton
8%
L Landgrove
8%
L Lewis
8%
M Maidstone
8%
M Mount Holly
8%
P Pawlet
8%
P Pittsfield
8%
P Pomfret
8%
P Proctor
8%
S Strafford
8%
T Thetford
8%
V Victory
8%
W Wells
8%
W West Haven
8%
W Westmore
8%
C Corinth
6%
F Ferdinand
6%
K Kirby
6%
L Lunenburg
6%
M Middletown Springs
6%
M Mount Tabor
6%
P Panton
6%
P Pittsford
6%
P Plainfield
6%
R Reading
6%
R Ripton
6%
R Rupert
6%
S Sutton
6%
W Wallingford
6%
W Waterville
6%
W West Fairlee
6%
W Weybridge
6%
W Woodbury
6%
W Woodford
6%
E East Haven
4%
L Lemington
4%
P Peacham
4%
R Readsboro
4%
S Sandgate
4%
S Sheldon
4%
S Shoreham
4%
S Somerset
4%
S Starksboro
4%
V Vershire
4%
W Walden
4%
W Waltham
4%
W Wheelock
4%
W Wolcott
4%
R Ryegate
2%
S Searsburg
2%
S Sheffield
2%
S Stannard
2%
S Sunderland
2%
T Tinmouth
2%
W West Windsor
2%
S Stockbridge
0%
T Topsham
0%
W Wardsboro
0%
W Weathersfield
0%
No matching quizzes found
Score Distribution
Percent of People with Each Score
Percentile by Number Answered
Your Score History
You have not taken this quiz since the last reset